书目信息 |
| 题名: |
科学技术之光
|
|
| 作者: | 张相轮 , 凌继尧 著 | |
| 分册: | ||
| 出版信息: | 北京 人民美术出版社 1986 |
|
| 页数: | 329页 | |
| 开本: | 19cm | |
| 丛书名: | ||
| 单 册: | ||
| 中图分类: | B832.1v3 , B832 | |
| 科图分类: | ||
| 主题词: | 科学美学--概论 | |
| 电子资源: | ||
| ISBN: | ||
| 000 | 00705nam0 2200253 45 | |
| 001 | 1561225516 | |
| 005 | 20150128170100.10 | |
| 010 | @dCNY1.60 | |
| 091 | @aCN@b2001.309 | |
| 100 | @a19900818d1986 em y0chiy0121 ea | |
| 101 | 0 | @achi |
| 102 | @aCN@b110000 | |
| 105 | @ay z 000yy | |
| 200 | 10 | @a科学技术之光@Ake xue ji shu zhi guang@e科技美学概论@f张相轮, 凌继尧著 |
| 210 | @a北京@c人民美术出版社@d1986 | |
| 215 | @a329页@d19cm | |
| 517 | 1 | @a科技美学概论@Ake ji mei xue gai lun |
| 606 | @a科学美学@x概论 | |
| 690 | @aB832.1v3@v3 | |
| 690 | @aB832@v4 | |
| 701 | 0 | @a张相轮@Azhang xiang lun@4著 |
| 701 | 0 | @a凌继尧@Aling ji yao@4著 |
| 801 | 0 | @aCN@bTSSF@c20150128 |
| 905 | @aZUCC@dB832@eJY1 | |
| 科学技术之光:科技美学概论/张相轮, 凌继尧著.-北京:人民美术出版社,1986 |
| 329页;19cm |
| ISBN :CNY1.60 |
| ● |
| 相关链接 |
|
|
|
|
正题名:科学技术之光
索取号:B832/JY1
 
预约/预借
| 序号 | 登录号 | 条形码 | 馆藏地/架位号 | 状态 | 备注 |
| 1 | 7846148 | 278461488 | 学院路分馆/ [索取号:B832/JY1] | 在馆 |